| 000 | 00832nam a2200265 a 4500 | ||
|---|---|---|---|
| 001 | BRL_431 | ||
| 005 | 20190320210734.0 | ||
| 008 | 120813s1943----mx-h######---#000-0#spa-# | ||
| 041 | _aspa | ||
| 044 | _amx | ||
| 050 | 4 |
_aF1219.T6 _b.M45 1943 |
|
| 100 | 1 |
_aMelgarejo Vivanco, José Luis _923893 |
|
| 245 | 1 | 0 |
_aTotonacapan _cJosé Luis Melgarejo Vivanco. |
| 260 |
_aXalapa, Ver. _bTalleres Gráficos del Gobierno del Estado _c1943 |
||
| 300 |
_a249 p. _bil. (algunas a color), mapas, planos _c23 cm. |
||
| 500 | _aIncluye apéndice, 67 h. | ||
| 500 | _aEstado físico: la hoja 11 del apéndice esta rota | ||
| 500 | _aAu456 | ||
| 504 | _aBibliografía: p. 237-249 | ||
| 650 | 1 | 4 |
_aTotonacos _923894 |
| 651 | 4 |
_aMéxico _xHistoria _ya 1519 _923305 |
|
| 651 | 4 |
_aMéxico _xAntigüedades _92765 |
|
| 902 | _aGRL | ||
| 942 |
_2lcc _cB |
||
| 999 |
_c9243 _d9243 |
||